000 00678nam a2200289Ia 4500
005 20260324141827.0
008 008 260324s9999 xx 000 0 eng d
020 _a9781315093406
037 _aEBOOK
040 _aCRL
040 _beng
040 _cCRL
041 _2eng
041 _aeng
084 _qCRL
100 _aAndrew Rowell
_91194236
245 0 _aGreen Backlash
245 0 _bGlobal Subversion of the Environment Movement
260 _bTaylor and Francis
260 _c1996
365 _a
365 _b220
856 _uhttp://www.taylorfrancis.com/books/9781315093406
942 _cEBOOK
999 _c1813147
_d1813147